Nationwide house price index (Record no. 112558)
[ view plain ]
| 000 -LEADER | |
|---|---|
| fixed length control field | 00944cad a22002055a 4500 |
| 001 - CONTROL NUMBER | |
| control field | L153503 |
| 008 - FIXED-LENGTH DATA ELEMENTS--GENERAL INFORMATION | |
| fixed length control field | 111005s20110929xxk f 000 0 eng d |
| 035 ## - SYSTEM CONTROL NUMBER | |
| System control number | (Sirsi) u153503 |
| 041 0# - LANGUAGE CODE | |
| Language code of text/sound track or separate title | eng |
| 110 2# - MAIN ENTRY--CORPORATE NAME | |
| Corporate name or jurisdiction name as entry element | Nationwide Building Society |
| 9 (RLIN) | 1019 |
| 245 00 - TITLE STATEMENT | |
| Title | Nationwide house price index |
| Remainder of title | Q3 2011 |
| Medium | [electronic resource] |
| 260 ## - PUBLICATION, DISTRIBUTION, ETC. | |
| Date of publication, distribution, etc. | 2011 |
| 490 #0 - SERIES STATEMENT | |
| Series statement | Nationwide House Price Index |
| Volume/sequential designation | Third Quarter 2011 |
| 520 ## - SUMMARY, ETC. | |
| Summary, etc. | United Kingdom house prices fell by 0.1% quarter on quarter. Average prices were down year-on-year in 8 out of 13 regions in Q3. Outer Metropolitan region sees strongest growth in the quarter and also over the past 12 months. Northern Ireland remained the weakest region on an annual basis |
| 590 ## - LOCAL NOTE (RLIN) | |
| Local note | KA |
| 651 #4 - SUBJECT ADDED ENTRY--GEOGRAPHIC NAME | |
| Geographic name | United Kingdom |
| Chronological subdivision | |
| 690 ## - LOCAL SUBJECT ADDED ENTRY--TOPICAL TERM (OCLC, RLIN) | |
| Topical term or geographic name as entry element | PROPERTY-RESIDENTIAL PROPERTY |
| 856 48 - ELECTRONIC LOCATION AND ACCESS | |
| Uniform Resource Identifier | <a href="https://www.nationwide.co.uk/hpi/historical/Q3_2011.pdf">https://www.nationwide.co.uk/hpi/historical/Q3_2011.pdf</a> |
| Public note | View this item free of charge at www.nationwide.co.uk |
| 942 ## - ADDED ENTRY ELEMENTS (KOHA) | |
| Suppress in OPAC | 0 |
| Withdrawn status | Lost status | Source of classification or shelving scheme | Damaged status | Not for loan | Home library | Current library | Shelving location | Date acquired | Total Checkouts | Full call number | Barcode | Date last seen | Copy number | Price effective from | Koha item type |
|---|---|---|---|---|---|---|---|---|---|---|---|---|---|---|---|
| Dewey Decimal Classification | Virtual | Virtual | Online | 02/08/2011 | ONLINE PUBLICATION | 153503-1001 | 06/08/2019 | 1 | 06/08/2019 | Journal article |